[Event "Qatar Masters Open 2024"]
[Site "Doha QAT"]
[Date "2024.12.06"]
[Round "4.16"]
[White "Pranav, V"]
[Black "Uskov, Artem"]
[Result "1-0"]
[WhiteTitle "GM"]
[BlackTitle "IM"]
[WhiteElo "2621"]
[BlackElo "2430"]
[WhiteFideId "25060783"]
[BlackFideId "34254854"]
[EventDate "2024.12.03"]

1. e4 c5 2. Nf3 d6 3. Bb5+ Nd7 4. O-O a6 5. Bxd7+ Bxd7 6. Re1 Nf6 7. c3 e6 8. d4
cxd4 9. cxd4 Be7 10. Nc3 O-O 11. Bg5 Bc6 12. Qb3 d5 13. e5 Ne4 14. Bxe7 Qxe7 15.
Ne2 Rac8 16. Nf4 Rc7 17. Rec1 Rfc8 18. Qe3 Bb5 19. Rxc7 Qxc7 20. Ne1 h6 21. a4
Be8 22. f3 Ng5 23. Qd2 Qb6 24. a5 Qb5 25. Ned3 b6 26. axb6 Qxb6 27. Nc5 Bb5 28.
b3 Nh7 29. Nfd3 Nf8 30. Qa5 Qxa5 31. Rxa5 Bxd3 32. Nxd3 Nd7 33. Rxa6 Rc3 34.
Ra8+ Kh7 35. Nf4 Rc7 36. Kf2 Nb6 37. Rf8 g6 38. Ke2 Nc8 39. Kd2 Kg7 40. Re8 Ne7
41. Ra8 Nf5 42. Ra4 Nh4 43. Kd3 g5 44. Nh5+ Kg6 45. g4 Rc8 46. Ra2 Rb8 47. Rb2
Nxf3 48. Ke3 Nxh2 49. Rxh2 Rxb3+ 50. Kf2 Rb2+ 51. Kg3 Rb3+ 52. Kg2 Rd3 53. Rh1
Rxd4 54. Nf6 Rc4 55. Rb1 Rc8 56. Rb3 Ra8 57. Kg3 Rd8 58. Rf3 Rc8 59. Rb3 Rd8 60.
Rc3 Ra8 61. Kf3 Rd8 62. Ke2 Ra8 63. Kd3 Rd8 64. Rc6 Ra8 65. Rd6 Kg7 66. Kc3 Rb8
67. Ra6 Rd8 68. Kb4 Rc8 69. Kb5 Rb8+ 70. Kc5 Rc8+ 71. Kd6 Rh8 72. Ra1 Kg6 73.
Kc7 Rf8 74. Nh5 Re8 75. Rf1 Re7+ 76. Kd8 Ra7 77. Rf6+ Kh7 78. Ke8 Kg8 79. Rxh6
d4 80. Nf6+ Kg7 81. Rh3 Ra5 82. Nd7 Rd5 83. Rf3 Ra5 84. Rxf7+ Kh6 85. Rf3 Kg7
86. Ke7 Ra4 87. Nc5 1-0

[Event "Qatar Masters Open 2024"]
[Site "Doha QAT"]
[Date "2024.12.06"]
[Round "4.17"]
[White "Tahbaz, Arash"]
[Black "Paravyan, David"]
[Result "0-1"]
[WhiteTitle "IM"]
[BlackTitle "GM"]
[WhiteElo "2432"]
[BlackElo "2620"]
[WhiteFideId "12528846"]
[BlackFideId "4194985"]
[EventDate "2024.12.03"]

1. Nf3 d5 2. g3 g6 3. c4 dxc4 4. Na3 Bg7 5. Nxc4 Nc6 6. d3 e5 7. Bd2 Nge7 8. b4
b5 9. Na5 Nxa5 10. bxa5 Bb7 11. Bg2 e4 12. a6 Bd5 13. dxe4 Bxe4 14. Rc1 O-O 15.
O-O Qd6 16. Qb3 Qxa6 17. Bb4 c5 18. Bxc5 Qb7 19. Bd6 Rac8 20. Bh3 Rc6 21. Rxc6
Bxc6 22. Rc1 Re8 23. Ng5 Nd5 24. Bg2 Rxe2 25. Bf3 Rb2 26. Qd3 Bh6 27. Rxc6 Qxc6
28. Nxf7 Qc1+ 29. Kg2 Ne3+ 30. Kh3 Kxf7 31. fxe3 Qd2 32. Bd5+ Kf6 33. Qf1+ Qf2
34. Qh1 Bxe3 35. g4 Bf4 36. g5+ Kg7 37. Be7 Qe3+ 0-1

[Event "Qatar Masters Open 2024"]
[Site "Doha QAT"]
[Date "2024.12.06"]
[Round "4.18"]
[White "Ganguly, Surya Shekhar"]
[Black "Rakhmatullaev, Almas"]
[Result "1-0"]
[WhiteTitle "GM"]
[BlackTitle "IM"]
[WhiteElo "2578"]
[BlackElo "2410"]
[WhiteFideId "5002150"]
[BlackFideId "14205793"]
[EventDate "2024.12.03"]

1. e4 c5 2. Nf3 d6 3. d4 cxd4 4. Nxd4 Nf6 5. Nc3 a6 6. Be3 e5 7. Nb3 Be6 8. f3
h5 9. Nd5 Bxd5 10. exd5 Nbd7 11. Qd2 g6 12. O-O-O Nb6 13. Kb1 Nbxd5 14. Bg5 Be7
15. Bd3 Rc8 16. Rhe1 O-O 17. h3 b5 18. g4 Rc7 19. Bh6 Re8 20. g5 Nc3+ 21. bxc3
Nd5 22. c4 bxc4 23. Bxc4 Nf4 24. Re4 Bxg5 25. Bxg5 Qxg5 26. Qxd6 Rce7 27. h4
Qxh4 28. Rxf4 Qxf4 29. Qxg6+ Kf8 30. Qxh5 Rc7 31. Bxa6 Qf6 32. Bd3 Re6 33. Rg1
Rd6 34. Qg4 Ke7 35. Re1 Kf8 36. Qe4 Re7 37. a4 Re8 38. Bb5 Ree6 39. Nc5 Re7 40.
Qa8+ 1-0

[Event "Qatar Masters Open 2024"]
[Site "Doha QAT"]
[Date "2024.12.06"]
[Round "4.19"]
[White "Akhmetov, Ayan"]
[Black "Lodici, Lorenzo"]
[Result "0-1"]
[WhiteTitle "IM"]
[BlackTitle "GM"]
[WhiteElo "2417"]
[BlackElo "2564"]
[WhiteFideId "13703706"]
[BlackFideId "884189"]
[EventDate "2024.12.03"]

1. e4 c5 2. Nf3 d6 3. d4 cxd4 4. Nxd4 Nf6 5. Nc3 a6 6. h3 g6 7. Be3 Nbd7 8. g4
b5 9. g5 Nh5 10. Be2 Ng7 11. Qd2 Bb7 12. O-O-O Rc8 13. a3 Nc5 14. Bg4 e5 15.
Bxc8 Qxc8 16. Rhe1 Be7 17. f4 exd4 18. Bxd4 O-O 19. f5 f6 20. fxg6 hxg6 21. gxf6
Bxf6 22. Qh6 Qe8 23. e5 Nf5 24. Qd2 Nxd4 25. exf6 Ndb3+ 26. cxb3 Nxb3+ 27. Kc2
Nxd2 28. Rxe8 Rxe8 29. Kxd2 Kf7 30. Rg1 Kxf6 31. Rg3 Re5 32. Rd3 Ke6 33. Rd4 Rg5
34. Ne2 Ke5 35. Ke3 Rg2 36. Rh4 Bd5 37. b4 Bc4 38. Re4+ Kf6 39. Rf4+ Kg7 40. Nc3
Rg3+ 41. Rf3 Rxf3+ 42. Kxf3 Kf6 43. Kf4 g5+ 44. Ke3 d5 45. Kd4 Ke6 46. a4 bxa4
47. Nxa4 Bf1 48. Nc3 Bg2 49. Nd1 Be4 50. Nc3 Bg2 51. Nd1 Bf3 52. Ne3 Be4 53. Ng4
Kf5 54. Nh6+ Kf4 55. Nf7 Bg2 56. Ne5 Kf5 57. Ng4 Ke6 58. Ne3 Bf3 59. Nc2 Kf5 60.
Ke3 Bg2 61. Kd4 Kf4 62. Ne3 Be4 63. Nf1 Kf3 64. Nd2+ Kg3 65. Ke3 Kxh3 66. Kf2
Bg2 67. Nb3 g4 68. Kg1 Bf3 69. Nd4 Kg3 70. Ne6 Be2 71. Nd4 Bd3 72. Nb3 Kf3 73.
Nc5 Bc4 74. Ne6 Ke3 75. Kg2 d4 76. Nc5 d3 77. Na4 d2 78. Nb2 Be2 0-1

[Event "Qatar Masters Open 2024"]
[Site "Doha QAT"]
[Date "2024.12.06"]
[Round "4.20"]
[White "Moksh, Amit Doshi"]
[Black "Bharath, Subramaniyam H"]
[Result "0-1"]
[WhiteTitle "IM"]
[BlackTitle "GM"]
[WhiteElo "2383"]
[BlackElo "2561"]
[WhiteFideId "25064967"]
[BlackFideId "46634827"]
[EventDate "2024.12.03"]

1. d4 Nf6 2. c4 e6 3. Nf3 d5 4. g3 Bb4+ 5. Bd2 Be7 6. Bg2 O-O 7. O-O c6 8. Qc2
Nbd7 9. Bf4 a5 10. Rd1 a4 11. a3 Ne4 12. Nc3 Nxc3 13. Qxc3 Nb6 14. c5 Nc4 15. e4
g5 16. Bc1 f5 17. exf5 exf5 18. Bf1 Na5 19. Ne5 Nb3 20. Rb1 f4 21. Bd3 Bf6 22.
gxf4 Bxe5 23. fxe5 Bg4 24. Re1 Rf3 25. Re3 Qf8 26. Rxf3 Bxf3 27. h3 Qh6 28. Bf5
Qh5 29. Qe3 Rf8 30. Be6+ Kh8 31. Qxg5 Nxc1 32. Qxh5 Ne2+ 33. Kf1 Bxh5 34. Bd7
Rg8 35. Bg4 Bxg4 36. hxg4 Nxd4 0-1

[Event "Qatar Masters Open 2024"]
[Site "Doha QAT"]
[Date "2024.12.06"]
[Round "4.21"]
[White "Al Hosani, Omran"]
[Black "Adhiban, Baskaran"]
[Result "1/2-1/2"]
[WhiteTitle "IM"]
[BlackTitle "GM"]
[WhiteElo "2239"]
[BlackElo "2535"]
[WhiteFideId "9308733"]
[BlackFideId "5018471"]
[EventDate "2024.12.03"]

1. e4 c5 2. Nf3 e6 3. d4 cxd4 4. Nxd4 Nc6 5. Nc3 Qc7 6. Qd3 Nxd4 7. Qxd4 a6 8.
a4 b6 9. Be3 Rb8 10. Be2 Ne7 11. Qd2 Ng6 12. O-O Be7 13. f4 O-O 14. Bd3 Bb7 15.
Kh1 f5 16. Rad1 Bb4 17. exf5 Nh4 18. Rf2 Rxf5 19. Bxf5 Nxf5 20. Re2 Bc6 21. Qd3
Qb7 22. Bg1 Bxc3 23. Qxc3 Bxa4 24. b3 Bc6 25. Bd4 Rc8 26. Qe1 a5 27. Kg1 Re8 28.
Bb2 Qa8 29. Qc3 Rc8 30. Qe5 h5 31. Rd3 Qb8 32. Qxb8 Rxb8 33. Red2 b5 34. g3 Rb7
35. h3 Kf7 36. Kf2 a4 37. g4 1/2-1/2

[Event "Qatar Masters Open 2024"]
[Site "Doha QAT"]
[Date "2024.12.06"]
[Round "4.22"]
[White "Harutyunyan, Tigran K."]
[Black "Harsh, Suresh"]
[Result "1/2-1/2"]
[WhiteTitle "GM"]
[BlackTitle "IM"]
[WhiteElo "2524"]
[BlackElo "2420"]
[WhiteFideId "13303635"]
[BlackFideId "45018464"]
[EventDate "2024.12.03"]

1. d4 d5 2. c4 e6 3. Nc3 a6 4. cxd5 exd5 5. Nf3 Nf6 6. Bg5 Be6 7. e3 Nbd7 8. h3
Bd6 9. Bd3 c6 10. Bf4 Qc7 11. Bxd6 Qxd6 12. Qc2 O-O 13. O-O g6 14. Ng5 Ne8 15.
e4 Qf4 16. Nxe6 fxe6 17. Rae1 Qf6 18. Ne2 Kh8 19. Qd2 dxe4 20. Bxe4 Nd6 21. Bc2
e5 22. Bb3 Rad8 23. Rd1 Nb5 24. dxe5 Nxe5 25. Qe3 Rde8 26. Ng3 Nc4 27. Qc1 Na5
28. Bc2 c5 29. Bd3 b6 30. a4 Nd4 31. Bxa6 Nac6 32. Qc3 Ra8 33. Bb5 Nxb5 34. axb5
Nd4 35. Qc4 Qf7 36. Qc3 Ra5 37. b4 Rxb5 38. bxc5 bxc5 39. Ne4 Qd5 40. Rfe1 Kg8
41. Rc1 Qb3 42. Nxc5 Qxc3 43. Rxc3 Rb2 44. Nd3 Ne2+ 45. Kf1 1/2-1/2

[Event "Qatar Masters Open 2024"]
[Site "Doha QAT"]
[Date "2024.12.06"]
[Round "4.23"]
[White "Nandhidhaa, P V"]
[Black "Galaviz Medina, Sion Radamantys"]
[Result "1-0"]
[WhiteTitle "WGM"]
[BlackTitle "IM"]
[WhiteElo "2339"]
[BlackElo "2508"]
[WhiteFideId "5050847"]
[BlackFideId "5123119"]
[EventDate "2024.12.03"]

1. e4 c5 2. Nc3 d6 3. d4 cxd4 4. Qxd4 Nc6 5. Qd2 g6 6. b3 Bh6 7. f4 Nf6 8. Bb2
O-O 9. O-O-O e5 10. g3 Re8 11. Kb1 Bg4 12. Be2 Bxe2 13. Ngxe2 exf4 14. gxf4 Nxe4
15. Nxe4 Rxe4 16. Qc3 f6 17. Rhg1 d5 18. Ng3 Re8 19. Nf5 Bf8 20. h4 d4 21. Qc4+
Kh8 22. h5 Qd7 23. Nxd4 Nxd4 24. Bxd4 Qe6 25. hxg6 Bg7 26. Qxe6 Rxe6 27. Rh1 h6
28. f5 Ree8 29. Rde1 b6 30. c4 Kg8 31. Kc2 Rad8 32. Rxe8+ Rxe8 33. Kd3 Rd8 34.
Kc3 Re8 35. b4 Bf8 36. c5 bxc5 37. bxc5 a6 38. Bxf6 Rc8 39. Bd4 Bxc5 40. f6 Bb6+
41. Kd3 Rd8 42. Rh4 h5 43. Kc4 Bxd4 44. Rxd4 Rf8 45. Rf4 h4 46. Kd5 h3 47. Ke6
Rb8 48. Rh4 Rb6+ 49. Kf5 Rb5+ 50. Kg4 1-0

[Event "Qatar Masters Open 2024"]
[Site "Doha QAT"]
[Date "2024.12.06"]
[Round "4.24"]
[White "Shuvalova, Polina"]
[Black "Khoder, Akram"]
[Result "1/2-1/2"]
[WhiteTitle "IM"]
[BlackTitle "FM"]
[WhiteElo "2504"]
[BlackElo "2232"]
[WhiteFideId "24171760"]
[BlackFideId "5306914"]
[EventDate "2024.12.03"]

1. e4 e5 2. Nf3 Nc6 3. Bb5 a6 4. Ba4 Nf6 5. O-O Nxe4 6. d4 b5 7. Bb3 d5 8. dxe5
Be6 9. Qe2 Be7 10. Rd1 O-O 11. c4 bxc4 12. Bxc4 Bc5 13. Be3 Bxe3 14. Qxe3 Qb8
15. Bb3 Na5 16. Nbd2 Qa7 17. Qxa7 Rxa7 18. Rac1 c5 19. Nxe4 Nxb3 20. axb3 dxe4
21. Nd2 e3 22. fxe3 Rb7 23. Ne4 Rxb3 24. Nxc5 Rxb2 25. Nxa6 h6 26. Rb1 Re2 27.
Re1 Rxe1+ 28. Rxe1 Ra8 29. Nc5 Re8 30. Rd1 Bc4 31. Rd4 Bb5 32. Rb4 Bc6 33. Rb6
Bd5 34. e4 Ba8 35. Ra6 Kh7 36. e6 fxe6 37. Kf2 Rc8 38. Ra5 Kg6 39. Ke3 Re8 40.
Ra6 Kf6 41. h4 Kf7 42. Kf4 Rc8 43. Nxe6 Re8 44. Nc5 Kg8 45. g4 Rc8 46. Ne6 Re8
47. Nc5 Rc8 48. Ra5 Bc6 49. h5 Rf8+ 50. Ke3 Rf1 51. Ra6 Bb5 52. Rb6 Bc4 53. Rb4
Bf7 54. e5 g6 55. Rb8+ Kh7 56. Rb7 Kg8 57. hxg6 Bxg6 58. Nd7 Bf7 59. Nf6+ Kf8
60. Ra7 Re1+ 61. Kf2 Rb1 62. Nd7+ Ke8 63. Nc5 Rb4 64. Kg3 h5 65. gxh5 Bxh5 66.
Kf2 Rb5 67. Nd7 Ke7 68. Nf6+ Ke6 69. Nxh5 Kxe5 70. Ng3 Rb2+ 71. Kf3 Rb3+ 72. Kg4
Rb4+ 73. Kg5 Rb5 74. Nf5 Rb1 75. Ra5+ Ke4 76. Ng3+ Kd4 77. Kf4 Kc4 78. Ne4 Rh1
79. Rc5+ Kd4 80. Ra5 Rf1+ 81. Kg3 Kxe4 82. Ra2 Rf8 83. Re2+ Kd3 84. Rf2 Rxf2 85.
Kxf2 1/2-1/2

[Event "Qatar Masters Open 2024"]
[Site "Doha QAT"]
[Date "2024.12.06"]
[Round "4.25"]
[White "Kiolbasa, Oliwia"]
[Black "Abdusattorov, Nodirbek"]
[Result "0-1"]
[WhiteTitle "IM"]
[BlackTitle "GM"]
[WhiteElo "2371"]
[BlackElo "2777"]
[WhiteFideId "1154613"]
[BlackFideId "14204118"]
[EventDate "2024.12.03"]

1. e4 c5 2. Nf3 Nc6 3. d4 cxd4 4. Nxd4 e5 5. Nb5 d6 6. N1c3 a6 7. Na3 Be6 8. Nc4
Rb8 9. Ne3 Nf6 10. g3 h5 11. Bg2 h4 12. O-O Nd4 13. Ncd5 Nxd5 14. Nxd5 Bxd5 15.
exd5 g6 16. a4 Nf5 17. a5 Bh6 18. Bxh6 Nxh6 19. Ra4 hxg3 20. fxg3 f5 21. h3 O-O
22. Qd2 Kg7 23. Rb4 b5 24. axb6 Rxb6 25. Rf3 a5 26. Rbb3 a4 27. Rb4 Qb8 28. Rxa4
Rxb2 29. Ra6 Rb1+ 30. Bf1 Rc8 31. Ra2 Nf7 32. Kg2 Rb2 33. Rxb2 Qxb2 34. Rf2 e4
35. Ba6 Rc3 36. Qd4+ Kf8 37. Qa4 Ra3 38. Qc6 Qe5 39. Rf4 g5 40. Qc8+ Kg7 0-1

[Event "Qatar Masters Open 2024"]
[Site "Doha QAT"]
[Date "2024.12.06"]
[Round "4.26"]
[White "Dixit, Nikhil"]
[Black "Mendonca, Leon Luke"]
[Result "0-1"]
[WhiteTitle "FM"]
[BlackTitle "GM"]
[WhiteElo "2361"]
[BlackElo "2642"]
[WhiteFideId "5059534"]
[BlackFideId "35028561"]
[EventDate "2024.12.03"]

1. Nf3 d5 2. g3 Nf6 3. Bg2 c6 4. O-O Bg4 5. d3 e6 6. Nbd2 Be7 7. b3 O-O 8. Bb2
a5 9. a4 Na6 10. h3 Bh5 11. Ne5 Nd7 12. Nxd7 Qxd7 13. Nf3 f6 14. e4 dxe4 15.
dxe4 Rfd8 16. Qe2 e5 17. Ba3 Bxa3 18. Rxa3 Bxf3 19. Bxf3 Qd4 20. Raa1 Qc3 21.
Rad1 Nb4 22. Rxd8+ Rxd8 23. Rd1 Rd4 24. Bg4 Nxc2 25. Rc1 Rd2 26. Be6+ Kh8 27.
Qh5 g6 28. Qh6 Rd8 29. Bg4 Qd2 30. Qxd2 Rxd2 31. Bc8 b6 32. Bb7 c5 33. Bd5 Kg7
34. h4 f5 35. exf5 gxf5 36. Bc4 e4 37. Kf1 Kf6 38. Kg1 h6 39. Kf1 Ke5 40. Kg1 f4
41. gxf4+ Kxf4 42. Bf7 Nd4 43. Kf1 Nf3 44. h5 Ne5 45. Bc4 Kf3 46. Rc3+ Nd3 47.
Kg1 Rd1+ 48. Kh2 Kxf2 49. Rc2+ Ke3 50. Rg2 Rd2 0-1

[Event "Qatar Masters Open 2024"]
[Site "Doha QAT"]
[Date "2024.12.06"]
[Round "4.27"]
[White "Ivanchuk, Vasyl"]
[Black "Pham, Le Thao Nguyen"]
[Result "1-0"]
[WhiteTitle "GM"]
[BlackTitle "IM"]
[WhiteElo "2630"]
[BlackElo "2384"]
[WhiteFideId "14100010"]
[BlackFideId "12401226"]
[EventDate "2024.12.03"]

1. c4 e6 2. Nc3 d5 3. d4 Nf6 4. Nf3 c5 5. Bf4 a6 6. e3 Nc6 7. a3 Be7 8. dxc5
Bxc5 9. Qc2 Bd6 10. Bg3 Qc7 11. O-O-O Bxg3 12. hxg3 Ne7 13. g4 dxc4 14. g5 Nfd5
15. Rxh7 Rg8 16. Nxd5 exd5 17. Qc3 Be6 18. Rxg7 O-O-O 19. Rxg8 Rxg8 20. g3 Kb8
21. Bg2 Nc6 22. Qf6 Na5 23. Nd4 Nb3+ 24. Kb1 Nxd4 25. Rxd4 Ka8 26. Bxd5 Bxd5 27.
Rxd5 Rc8 28. Qd6 Qxd6 29. Rxd6 Rc7 30. e4 Ka7 31. e5 b5 32. Kc2 1-0

[Event "Qatar Masters Open 2024"]
[Site "Doha QAT"]
[Date "2024.12.06"]
[Round "4.28"]
[White "Petrosyan, Manuel"]
[Black "Bakhrillaev, Bakhrom"]
[Result "1/2-1/2"]
[WhiteTitle "GM"]
[BlackTitle "FM"]
[WhiteElo "2612"]
[BlackElo "2369"]
[WhiteFideId "13300857"]
[BlackFideId "14212285"]
[EventDate "2024.12.03"]

1. e4 e5 2. Nf3 Nc6 3. Bc4 Nf6 4. d3 Be7 5. Nc3 d6 6. a4 O-O 7. O-O Kh8 8. h3
Ng8 9. Nd5 f5 10. a5 a6 11. Ra3 fxe4 12. dxe4 Be6 13. Qd3 Nf6 14. Bd2 Qd7 15. b4
Na7 16. Nxf6 Rxf6 17. Bxe6 Qxe6 18. c4 Raf8 19. Ne1 Qf7 20. Be3 Nc6 21. Rb3 Rg6
22. Kh1 Bg5 23. Bxg5 Rxg5 24. Nf3 Rg6 25. Qd5 Qe8 26. c5 Rgf6 27. cxd6 Rxd6 28.
Qc5 Qe6 29. Rc3 h6 30. Qc4 Qe7 31. b5 Nd4 32. Qxc7 Qxc7 33. Rxc7 Nxf3 34. gxf3
Rxf3 35. Rxb7 axb5 36. Rxb5 Rxh3+ 37. Kg2 Ra3 38. Rxe5 Rg6+ 39. Kh2 Ra6 40. f4
R6xa5 41. Rxa5 Rxa5 42. Kg3 g6 43. Rb1 Kg7 44. Rb7+ Kf6 45. e5+ Ke6 46. Kg4 Ra1
47. Rb6+ Kf7 48. Rf6+ Kg7 49. Rd6 Kf7 50. Rf6+ Kg7 51. Rc6 Kf7 52. Rc7+ Ke6 53.
Rc6+ 1/2-1/2

[Event "Qatar Masters Open 2024"]
[Site "Doha QAT"]
[Date "2024.12.06"]
[Round "4.29"]
[White "Quesada Perez, Luis Ernesto"]
[Black "Balajayeva, Khanim"]
[Result "1/2-1/2"]
[WhiteTitle "GM"]
[BlackTitle "IM"]
[WhiteElo "2564"]
[BlackElo "2362"]
[WhiteFideId "3520773"]
[BlackFideId "13406396"]
[EventDate "2024.12.03"]

1. d4 Nf6 2. c4 e6 3. Nf3 d5 4. Nc3 Be7 5. Bf4 O-O 6. e3 Nbd7 7. Be2 dxc4 8. O-O
a6 9. a4 c5 10. d5 exd5 11. Nxd5 Nxd5 12. Qxd5 Nf6 13. Qxd8 Rxd8 14. Bc7 Rd7 15.
Ba5 Bd8 16. Bxd8 Rxd8 17. Rfc1 Be6 18. Bxc4 Bxc4 19. Rxc4 Rac8 20. a5 Rd3 21.
Rc2 Ne4 22. Kf1 Re8 23. Ke2 Rb3 24. Ra4 f6 25. Ne1 Nd6 26. Nd3 c4 27. Nc5 Rb5
28. Nd7 Rc8 29. Nb6 Rcc5 30. Rd2 Rc6 31. Nd5 Nc8 32. Nc3 Rb3 33. Kd1 Nd6 34. Kc2
b5 35. axb6 Rcxb6 36. Kc1 Kf7 37. e4 Ke6 38. f3 R3b4 39. Ra5 Rc6 40. Ne2 Kd7 41.
Rad5 Rb5 42. R5d4 Rb7 43. Rd5 Rb5 44. Nc3 Rxd5 45. Rxd5 Ke6 46. Kc2 f5 47. Ra5
fxe4 48. fxe4 Kf7 49. h4 Nb7 50. Rd5 Nc5 51. Rf5+ Ke6 52. Ne2 Rc8 53. Nd4+ Ke7
54. Rh5 Kf7 55. Rf5+ Ke7 56. g4 g6 57. Rd5 Nd3 58. Ra5 Rc7 59. Kc3 Nf2 60. e5
Nd1+ 61. Kc2 Ne3+ 62. Kc3 Nd1+ 63. Kc2 Ne3+ 64. Kc3 1/2-1/2

[Event "Qatar Masters Open 2024"]
[Site "Doha QAT"]
[Date "2024.12.06"]
[Round "4.30"]
[White "Xu, Zhihang"]
[Black "Zhu, Hengyi"]
[Result "1/2-1/2"]
[WhiteTitle "IM"]
[WhiteElo "2511"]
[BlackElo "2361"]
[WhiteFideId "8611572"]
[BlackFideId "8611211"]
[EventDate "2024.12.03"]

1. d4 Nf6 2. c4 e6 3. Nc3 Bb4 4. e3 O-O 5. Bd3 d5 6. Nf3 dxc4 7. Bxc4 c5 8. O-O
Nc6 9. a3 Ba5 10. Ne2 cxd4 11. Nexd4 Nxd4 12. Qxd4 Qxd4 13. Nxd4 Bb6 14. Nf3 Bd7
15. b3 Rfd8 16. Bb2 Bc6 17. Rfd1 Rxd1+ 18. Rxd1 Rd8 19. Rxd8+ Bxd8 20. Kf1 Kf8
21. Ke2 Nd7 22. g3 Bf6 23. Bxf6 Nxf6 24. Nd4 Bd7 25. Bb5 Ke7 26. Bxd7 Kxd7 27.
f4 Ne4 28. Kd3 Nf2+ 29. Ke2 Ne4 30. Kd3 Nf2+ 1/2-1/2

[Event "Qatar Masters Open 2024"]
[Site "Doha QAT"]
[Date "2024.12.06"]
[Round "4.31"]
[White "Fawzy, Adham"]
[Black "Tyurin, Artem"]
[Result "1/2-1/2"]
[WhiteTitle "GM"]
[BlackTitle "FM"]
[WhiteElo "2493"]
[BlackElo "2356"]
[WhiteFideId "10613129"]
[BlackFideId "44130112"]
[EventDate "2024.12.03"]

1. e4 e5 2. Nf3 Nc6 3. Bb5 Nf6 4. O-O Nxe4 5. d4 Nd6 6. dxe5 Nxb5 7. a4 Nbd4 8.
Nxd4 d5 9. Nc3 Be7 10. f4 O-O 11. Be3 f6 12. Nb3 fxe5 13. Qxd5+ Qxd5 14. Nxd5
Bd6 15. fxe5 Rxf1+ 16. Rxf1 Nxe5 17. Bc5 Bd7 18. Bxd6 cxd6 19. Nd4 Re8 20. Nb5
Nc4 21. b3 Ne3 22. Nxe3 Bxb5 23. axb5 Rxe3 24. Ra1 Rc3 25. Ra2 d5 26. Rxa7 Rxc2
27. Rxb7 Rb2 28. Rd7 Rxb3 29. Rxd5 Kf7 30. Kf2 Rb2+ 31. Kf3 Ke6 32. Rc5 Rb3+ 33.
Kf4 Rb2 34. Kf3 Rb3+ 35. Kg4 Rb2 36. Kh3 Rb3+ 37. g3 Rb2 38. g4 Kd6 39. Rh5 h6
40. Kg3 Rb3+ 41. Kf4 Rb4+ 42. Kf3 Rb3+ 43. Kf2 Ke6 44. Rc5 Rb2+ 45. Kg3 Rb3+ 46.
Kh4 Kf6 47. Rf5+ Kg6 48. Rc5 Kf6 49. g5+ hxg5+ 50. Rxg5 Rb4+ 51. Kh5 Rb2 52. h4
Rb4 53. Rg6+ Kf7 54. Rb6 Rb1 55. Kg5 Rg1+ 56. Kf5 Rf1+ 57. Ke5 Rh1 58. Rb7+ Kg6
59. b6 Rxh4 60. Rc7 Rh8 61. b7 Rb8 62. Kd6 Kf6 63. Rd7 g5 64. Kc7 Rxb7+ 65. Kxb7
Ke5 66. Rg7 Kf4 67. Kc6 g4 68. Kd5 g3 69. Kd4 Kf3 70. Kd3 g2 71. Kd2 Kf2 72.
Rf7+ Kg3 73. Rg7+ Kf2 74. Rf7+ Kg3 75. Ke2 g1=Q 76. Rg7+ Kh2 77. Rxg1 Kxg1 1/2-1/2

[Event "Qatar Masters Open 2024"]
[Site "Doha QAT"]
[Date "2024.12.06"]
[Round "4.32"]
[White "Srihari, L R"]
[Black "Shturman, Arseniy"]
[Result "1/2-1/2"]
[WhiteTitle "IM"]
[BlackTitle "FM"]
[WhiteElo "2484"]
[BlackElo "2350"]
[WhiteFideId "46617116"]
[BlackFideId "34275797"]
[EventDate "2024.12.03"]

1. e4 c5 2. Nf3 d6 3. d4 cxd4 4. Nxd4 Nf6 5. Nc3 a6 6. h3 e6 7. g4 Nfd7 8. Bg2
Be7 9. g5 b5 10. Nf5 exf5 11. exf5 Nb6 12. Be3 Ra7 13. Qd4 Bxg5 14. Bxg5 Qxg5
15. Qxb6 Re7+ 16. Kf1 Nd7 17. Qxd6 O-O 18. Nd5 Ree8 19. h4 Qg4 20. Rh3 Qe2+ 21.
Kg1 Qe5 22. Qxe5 Nxe5 23. Re3 Nc4 24. Rxe8 Rxe8 25. b3 Nd6 26. f6 Be6 27. Rd1
Bxd5 28. Rxd5 Re6 29. fxg7 Kxg7 30. Kf1 Kf8 31. Rc5 Ne8 32. Bf3 Ke7 33. c4 bxc4
34. Rxc4 Re5 35. b4 a5 36. bxa5 Rxa5 37. a4 Nd6 38. Rb4 Rc5 39. h5 Rc2 40. Bd5
Kf6 41. Kg2 Rc5 42. Bf3 Ke5 43. Be2 h6 44. Rb2 Kf4 45. Rb6 Ne4 46. Rb4 f5 47.
Rc4 Ra5 48. Rb4 Kg5 49. Bd3 Nc3 50. Bc2 Kxh5 51. Rb3 Nd5 52. Rb5 Rxb5 53. axb5
Kg4 54. Bb3 Nb6 55. Bd1+ Kf4 56. Kh3 Kg5 57. Kg3 f4+ 58. Kf3 Kf5 59. Bc2+ Ke5
60. Kg4 Nd5 61. Kh5 Nf6+ 62. Kg6 Ng4 63. f3 Ne3 64. b6 Kd6 65. b7 Kc7 66. Be4
Ng2 67. Kxh6 Kb8 68. Kg5 Kc7 69. Kg4 Kb8 70. Kf5 Kc7 71. Ke5 Kb8 72. Kd6 Nh4 73.
Bd5 Ng2 74. Kc6 Nh4 75. Be4 Ng2 76. Bd3 Nh4 77. Be4 Ng2 78. Kc5 Kc7 79. Bd5 Kb8
80. Kd4 Kc7 81. Kc4 Kb8 82. Kb5 Kc7 83. Ka6 Kb8 84. Kb6 Nh4 85. Kc6 Ng2 86. Bc4
Nh4 87. Be2 Ng2 88. Kb6 Nh4 89. Ka6 Ng2 90. Bb5 Nh4 91. Bc6 Ng2 92. Kb5 Kc7 93.
Kc4 Kb8 94. Kc5 Kc7 95. Bd5 Kb8 96. Kc6 Nh4 97. Be4 Ng2 98. Bd3 Nh4 99. Be2 Ng2
100. Ba6 Nh4 1/2-1/2

[Event "Qatar Masters Open 2024"]
[Site "Doha QAT"]
[Date "2024.12.06"]
[Round "4.33"]
[White "Kukhmazov, Arsen"]
[Black "Mohamed, Anees M"]
[Result "1/2-1/2"]
[WhiteTitle "IM"]
[BlackTitle "FM"]
[WhiteElo "2480"]
[BlackElo "2344"]
[WhiteFideId "24108260"]
[BlackFideId "35065815"]
[EventDate "2024.12.03"]

1. c4 e6 2. Nc3 f5 3. a3 Nf6 4. d4 g6 5. e3 b6 6. Nf3 Bb7 7. Bd3 Bg7 8. O-O O-O
9. b4 Ne4 10. Bb2 d6 11. Nd2 Nxd2 12. Qxd2 Nd7 13. Rad1 Qh4 14. f4 Nf6 15. Qe1
Qh6 16. Be2 Rae8 17. Bf3 Ne4 18. Qe2 g5 19. fxg5 Qxg5 20. Nxe4 Bxe4 21. Bxe4
fxe4 22. Rxf8+ Rxf8 23. Rf1 Rxf1+ 24. Kxf1 a6 25. a4 c6 26. b5 axb5 27. cxb5
Qf5+ 28. Kg1 cxb5 29. Qxb5 Bh6 30. Qe8+ Bf8 31. Bc3 Qd5 32. h3 Qb3 33. Qc6 Kf7
34. Kh2 d5 35. Qc7+ Kg8 36. Qc6 Kf7 37. Qc7+ Kg8 38. Qc8 Kf7 1/2-1/2

[Event "Qatar Masters Open 2024"]
[Site "Doha QAT"]
[Date "2024.12.06"]
[Round "4.34"]
[White "Khamdamova, Afruza"]
[Black "Saydaliev, Saidakbar"]
[Result "1/2-1/2"]
[WhiteTitle "WIM"]
[BlackTitle "IM"]
[WhiteElo "2354"]
[BlackElo "2473"]
[WhiteFideId "14210444"]
[BlackFideId "14203693"]
[EventDate "2024.12.03"]

1. e4 c5 2. Nf3 Nc6 3. d4 cxd4 4. Nxd4 Nf6 5. Nc3 e6 6. Ndb5 Bc5 7. Bf4 O-O 8.
Bc7 Qe7 9. Bd6 Bxd6 10. Qxd6 Qd8 11. O-O-O a6 12. Nd4 Ne7 13. h4 b5 14. h5 h6
15. a3 Bb7 16. f3 Re8 17. Nb3 Qb8 18. Na5 Bc6 19. Qxb8 Raxb8 20. Na2 d5 21. Nb4
Rb6 22. e5 Nd7 23. f4 Ba8 24. Rh3 f6 25. exf6 gxf6 26. Rc3 Rc8 27. Rxc8+ Nxc8
28. f5 Ne7 29. fxe6 Rxe6 30. Nb3 Bb7 1/2-1/2